El maltrato infantil [folleto] /

Guardado en:
Formato: Libro
Publicado: Buenos Aires : Secretar¡a de Derechos Humanos, 1997
Materias:
Fc
Etiquetas: Agregar Etiqueta
Sin Etiquetas, Sea el primero en etiquetar este registro!
LEADER 00473nam a22001695a 4500
001 CEM.cems009999
005 20060214000000.0
008 130507s1997##################000#0#####d
003 CEMS
082 0 4 |a F301 
245 0 0 |a El maltrato infantil [folleto] / 
260 |a Buenos Aires :  |b Secretar¡a de Derechos Humanos,  |c 1997 
300 |a 8 p. 
653 |a Fc 
653 |a Maltrato infantil 
653 |a Violencia infantil 
859 |a CEMS  |b BIB. CEMS - 11 de abril  |h F301  |i 23  |p 1620.44  |t Ej.1